<?xml version="1.0" encoding="UTF-8"?>
<record
    xmlns:xsi="http://www.w3.org/2001/XMLSchema-instance"
    xsi:schemaLocation="http://www.loc.gov/MARC21/slim http://www.loc.gov/standards/marcxml/schema/MARC21slim.xsd"
    xmlns="http://www.loc.gov/MARC21/slim">

  <leader>02209nam0a22003491  4500</leader>
  <controlfield tag="001">v19\rc\1831044</controlfield>
  <controlfield tag="005">20260406093252.0</controlfield>
  <datafield tag="035" ind1=" " ind2=" ">
    <subfield code="a">(NLR Aleph) 005257338</subfield>
  </datafield>
  <datafield tag="090" ind1=" " ind2=" ">
    <subfield code="a">5865603</subfield>
    <subfield code="c">5865603</subfield>
  </datafield>
  <datafield tag="100" ind1=" " ind2=" ">
    <subfield code="a">20071224d1908    |||y0rusy50      ca</subfield>
  </datafield>
  <datafield tag="101" ind1="1" ind2=" ">
    <subfield code="a">rus</subfield>
    <subfield code="c">ger</subfield>
  </datafield>
  <datafield tag="102" ind1=" " ind2=" ">
    <subfield code="a">RU</subfield>
  </datafield>
  <datafield tag="105" ind1=" " ind2=" ">
    <subfield code="a">c   z   |||||</subfield>
  </datafield>
  <datafield tag="200" ind1="1" ind2=" ">
    <subfield code="a">&#x421;&#x443;&#x449;&#x43D;&#x43E;&#x441;&#x442;&#x44C; &#x433;&#x43E;&#x43B;&#x43E;&#x432;&#x43D;&#x43E;&#x439; &#x440;&#x430;&#x431;&#x43E;&#x442;&#x44B; &#x447;&#x435;&#x43B;&#x43E;&#x432;&#x435;&#x43A;&#x430;</subfield>
    <subfield code="e">&#x41D;&#x43E;&#x432;&#x430;&#x44F; &#x43A;&#x440;&#x438;&#x442;&#x438;&#x43A;&#x430; &#x447;&#x438;&#x441;&#x442;&#x43E;&#x433;&#x43E; &#x438; &#x43F;&#x440;&#x430;&#x43A;&#x442;. &#x440;&#x430;&#x437;&#x443;&#x43C;&#x430;</subfield>
    <subfield code="f">&#x418;. &#x414;&#x438;&#x446;&#x433;&#x435;&#x43D;</subfield>
    <subfield code="g">&#x41F;&#x435;&#x440;. &#x441; &#x43D;&#x435;&#x43C;. &#x43F;&#x43E;&#x434; &#x440;&#x435;&#x434;. &#x41F;. &#x41A;&#x43E;&#x433;&#x430;&#x43D;&#x430;</subfield>
  </datafield>
  <datafield tag="210" ind1=" " ind2=" ">
    <subfield code="a">&#x41C;&#x43E;&#x441;&#x43A;&#x432;&#x430;</subfield>
    <subfield code="c">&#x421;. &#x421;&#x43A;&#x438;&#x440;&#x43C;&#x443;&#x43D;&#x442;</subfield>
    <subfield code="d">[1908]</subfield>
  </datafield>
  <datafield tag="215" ind1=" " ind2=" ">
    <subfield code="a">[4], LIV, 116 &#x441;., 1 &#x43B;. &#x444;&#x440;&#x43E;&#x43D;&#x442;. (&#x43F;&#x43E;&#x440;&#x442;&#x440;.)</subfield>
    <subfield code="d">20</subfield>
  </datafield>
  <datafield tag="225" ind1="1" ind2=" ">
    <subfield code="a">&#x414;&#x435;&#x448;&#x435;&#x432;&#x430;&#x44F; &#x431;&#x438;&#x431;&#x43B;&#x438;&#x43E;&#x442;&#x435;&#x43A;&#x430; &#x438;&#x437;&#x434;. &#x421;&#x43A;&#x438;&#x440;&#x43C;&#x443;&#x43D;&#x442;&#x430;</subfield>
    <subfield code="i">&#x421;&#x435;&#x440;&#x438;&#x44F; &#x43D;&#x430;&#x443;&#x447;&#x43D;&#x43E;-&#x444;&#x438;&#x43B;&#x43E;&#x441;&#x43E;&#x444;&#x441;&#x43A;&#x430;&#x44F;</subfield>
    <subfield code="v">&#x2116; 5</subfield>
  </datafield>
  <datafield tag="327" ind1="0" ind2=" ">
    <subfield code="a">&#x421;. XXVII-LIII: &#x41F;&#x43E;&#x43B;&#x43E;&#x436;&#x435;&#x43D;&#x438;&#x435; &#x438; &#x437;&#x43D;&#x430;&#x447;&#x435;&#x43D;&#x438;&#x435; &#x444;&#x438;&#x43B;&#x43E;&#x441;&#x43E;&#x444;&#x441;&#x43A;&#x438;&#x445; &#x442;&#x440;&#x443;&#x434;&#x43E;&#x432; &#x418;&#x43E;&#x441;&#x438;&#x444;&#x430; &#x414;&#x438;&#x446;&#x433;&#x435;&#x43D;&#x430; / [&#x421;&#x43E;&#x447;.] &#x410;. &#x41F;&#x430;&#x43D;&#x43D;&#x435;&#x43A;&#x443;&#x43A;&#x430;</subfield>
  </datafield>
  <datafield tag="464" ind1=" " ind2="0">
    <subfield code="1">2001#$a&#x418;&#x43E;&#x441;&#x438;&#x444; &#x414;&#x438;&#x446;&#x433;&#x435;&#x43D;$e&#x41E;&#x447;&#x435;&#x440;&#x43A; &#x435;&#x433;&#x43E; &#x436;&#x438;&#x437;&#x43D;&#x438;$f&#x421;&#x43E;&#x447;. &#x415;&#x432;&#x433;&#x435;&#x43D;&#x438;&#x44F; &#x414;&#x438;&#x446;&#x433;&#x435;&#x43D;&#x430;</subfield>
    <subfield code="1">215##$a&#x421;. I-XXVI</subfield>
    <subfield code="1">700#1$3RU\NLR\AUTH\7791157$7ca$a&#x414;&#x438;&#x446;&#x433;&#x435;&#x43D;$b&#x415;.$f1862-1930$g&#x415;&#x432;&#x433;&#x435;&#x43D;&#x438;&#x439;</subfield>
    <subfield code="t">&#x418;&#x43E;&#x441;&#x438;&#x444; &#x414;&#x438;&#x446;&#x433;&#x435;&#x43D;</subfield>
    <subfield code="a">&#x414;&#x438;&#x446;&#x433;&#x435;&#x43D;, &#x415;&#x432;&#x433;&#x435;&#x43D;&#x438;&#x439; (1862-1930)</subfield>
  </datafield>
  <datafield tag="464" ind1=" " ind2="0">
    <subfield code="1">2001#$a&#x41F;&#x43E;&#x43B;&#x43E;&#x436;&#x435;&#x43D;&#x438;&#x435; &#x438; &#x437;&#x43D;&#x430;&#x447;&#x435;&#x43D;&#x438;&#x435; &#x444;&#x438;&#x43B;&#x43E;&#x441;&#x43E;&#x444;&#x441;&#x43A;&#x438;&#x445; &#x442;&#x440;&#x443;&#x434;&#x43E;&#x432; &#x418;&#x43E;&#x441;&#x438;&#x444;&#x430; &#x414;&#x438;&#x446;&#x433;&#x435;&#x43D;&#x430;$f&#x421;&#x43E;&#x447;. &#x410;. &#x41F;&#x430;&#x43D;&#x43D;&#x435;&#x43A;&#x443;&#x43A;&#x430;</subfield>
    <subfield code="1">215##$a&#x421;. XXVII-LIII</subfield>
    <subfield code="1">700#1$a&#x41F;&#x430;&#x43D;&#x43D;&#x435;&#x43A;&#x443;&#x43A;$b&#x410;.$f1873-$g&#x410;&#x43D;&#x442;&#x43E;&#x43D;</subfield>
    <subfield code="t">&#x41F;&#x43E;&#x43B;&#x43E;&#x436;&#x435;&#x43D;&#x438;&#x435; &#x438; &#x437;&#x43D;&#x430;&#x447;&#x435;&#x43D;&#x438;&#x435; &#x444;&#x438;&#x43B;&#x43E;&#x441;&#x43E;&#x444;&#x441;&#x43A;&#x438;&#x445; &#x442;&#x440;&#x443;&#x434;&#x43E;&#x432; &#x418;&#x43E;&#x441;&#x438;&#x444;&#x430; &#x414;&#x438;&#x446;&#x433;&#x435;&#x43D;&#x430;</subfield>
    <subfield code="a">&#x41F;&#x430;&#x43D;&#x43D;&#x435;&#x43A;&#x443;&#x43A;, &#x410;&#x43D;&#x442;&#x43E;&#x43D; (1873-)</subfield>
  </datafield>
  <datafield tag="532" ind1="1" ind2="3">
    <subfield code="a">&#x421;&#x443;&#x449;&#x43D;&#x43E;&#x441;&#x442;&#x44C; &#x433;&#x43E;&#x43B;&#x43E;&#x432;&#x43D;&#x43E;&#x439; &#x440;&#x430;&#x431;&#x43E;&#x442;&#x44B; &#x447;&#x435;&#x43B;&#x43E;&#x432;&#x435;&#x43A;&#x430;</subfield>
  </datafield>
  <datafield tag="700" ind1=" " ind2="1">
    <subfield code="8">rus</subfield>
    <subfield code="7">ca</subfield>
    <subfield code="a">&#x414;&#x438;&#x446;&#x433;&#x435;&#x43D;</subfield>
    <subfield code="b">&#x418;.</subfield>
    <subfield code="f">1828-1888</subfield>
    <subfield code="g">&#x418;&#x43E;&#x441;&#x438;&#x444;</subfield>
    <subfield code="3">RU\NLR\AUTH\7791049</subfield>
    <subfield code="9">73976</subfield>
  </datafield>
  <datafield tag="702" ind1=" " ind2="1">
    <subfield code="4">340</subfield>
    <subfield code="8">rus</subfield>
    <subfield code="7">ca</subfield>
    <subfield code="a">&#x41A;&#x43E;&#x433;&#x430;&#x43D;</subfield>
    <subfield code="b">&#x41F;. &#x421;.</subfield>
    <subfield code="c">&#x43B;&#x438;&#x442;&#x435;&#x440;&#x430;&#x442;&#x443;&#x440;&#x43E;&#x432;&#x435;&#x434;</subfield>
    <subfield code="f">1872-1932</subfield>
    <subfield code="g">&#x41F;&#x435;&#x442;&#x440; &#x421;&#x435;&#x43C;&#x435;&#x43D;&#x43E;&#x432;&#x438;&#x447;</subfield>
    <subfield code="3">RU\NLR\AUTH\7765584</subfield>
    <subfield code="9">48513</subfield>
  </datafield>
  <datafield tag="801" ind1=" " ind2="0">
    <subfield code="a">RU</subfield>
    <subfield code="b">NLR</subfield>
    <subfield code="c">20071224</subfield>
    <subfield code="g">psbo</subfield>
  </datafield>
  <datafield tag="801" ind1=" " ind2="0">
    <subfield code="a">RU</subfield>
    <subfield code="b">RuMoRGB</subfield>
    <subfield code="c">20071224</subfield>
    <subfield code="2">psbo</subfield>
  </datafield>
  <datafield tag="801" ind1=" " ind2="1">
    <subfield code="a">RU</subfield>
    <subfield code="b">ProSoft-M</subfield>
    <subfield code="c">20071224</subfield>
    <subfield code="2">rusmarc</subfield>
  </datafield>
  <datafield tag="801" ind1=" " ind2="2">
    <subfield code="a">RU</subfield>
    <subfield code="b">NLR</subfield>
    <subfield code="c">20100828</subfield>
    <subfield code="2">rusmarc</subfield>
  </datafield>
  <datafield tag="852" ind1=" " ind2=" ">
    <subfield code="a">NLR</subfield>
    <subfield code="j">38.42.4.3</subfield>
  </datafield>
  <datafield tag="852" ind1=" " ind2=" ">
    <subfield code="a">NLR</subfield>
    <subfield code="j">129/3206</subfield>
  </datafield>
  <datafield tag="942" ind1=" " ind2=" ">
    <subfield code="c">BOOK</subfield>
  </datafield>
  <datafield tag="980" ind1=" " ind2=" ">
    <subfield code="a">NB</subfield>
  </datafield>
  <datafield tag="995" ind1=" " ind2=" ">
    <subfield code="5">2013-10-26</subfield>
    <subfield code="b">NLR02</subfield>
    <subfield code="c">NLR02</subfield>
    <subfield code="e">RFS</subfield>
    <subfield code="f">5257338-10</subfield>
    <subfield code="k">38.42.4.3</subfield>
    <subfield code="o">0</subfield>
    <subfield code="r">BOOK</subfield>
    <subfield code="s">384243_</subfield>
  </datafield>
  <datafield tag="995" ind1=" " ind2=" ">
    <subfield code="5">2013-10-26</subfield>
    <subfield code="b">NLR02</subfield>
    <subfield code="c">NLR02</subfield>
    <subfield code="e">RFS</subfield>
    <subfield code="f">5257338-20</subfield>
    <subfield code="k">129/3206</subfield>
    <subfield code="o">0</subfield>
    <subfield code="r">BOOK</subfield>
    <subfield code="s">1293206_</subfield>
  </datafield>
</record>
